Presidents of Ukraine - Statistics

General Stats
  • This quiz has been taken 9 times
  • The average score is 5 of 7
Answer Stats
Years Served Party Answer % Correct
2014 - 2019 Petro Poroshenko Bloc Petro Poroshenko
100%
2019 - Present Servant of the People Volodymyr Zelenskyy
100%
1994 - 2005 Independent Leonid Kuchma
75%
2005 - 2010 Our Ukraine Viktor Yushchenko
63%
1991 - 1994 Indpenedent Leonid Kravchuk
50%
2010 - 2014 Party of Regions Viktor Yanukovych
50%
(Acting) 2014 Fatherland Oleksandr Turchynov
13%
No matching quizzes found
Score Distribution
Percent of People with Each Score
Percentile by Number Answered
Your Score History
You have not taken this quiz